Zborník z 3. konferencie o ekológii a urbanizme ECOUR '81 Vrátna dolina
Salvato in:
| Natura: | Libro |
|---|---|
| Lingua: | slovacco |
| Pubblicazione: |
Žilina
Dom techniky ČSVTS
1981
|
| Tags: |
Nessun Tag, puoi essere il primo ad aggiungerne!!
|
MARC
| LEADER | 00000nam a2200000 4500 | ||
|---|---|---|---|
| 001 | c125926 | ||
| 005 | 20221128072021.4 | ||
| 041 | 0 | |a slo | |
| 044 | |a SK | ||
| 245 | 1 | 0 | |a Zborník z 3. konferencie o ekológii a urbanizme ECOUR '81 |b Vrátna dolina |
| 264 | 1 | |a Žilina |b Dom techniky ČSVTS |c 1981 | |
| 300 | |a 227 s. | ||